The mexican reform, 1855-1876: a study in liberal nation-building
Guardat en:
| Autor principal: | |
|---|---|
| Format: | Llibre |
| Idioma: | anglès |
| Publicat: |
Austin
University of Texas Press
1979
|
| Matèries: | |
| Etiquetes: |
Afegir etiqueta
Sense etiquetes, Sigues el primer a etiquetar aquest registre!
|
MARC
| LEADER | 00000nam a2200000 a 4500 | ||
|---|---|---|---|
| 001 | UCO0997 | ||
| 003 | CL-VaPUC | ||
| 008 | 000505e19790000US |||||||||||||||||eng|d | ||
| 082 | 0 | 4 | |a 972.06 |b SIN |2 21 |
| 100 | 0 | |a Sinkin, Richard N |e author |9 442712 | |
| 245 | 1 | 4 | |a The mexican reform, 1855-1876: a study in liberal nation-building |
| 300 | |a 263 p | ||
| 942 | |c BK | ||
| 945 | |d 20000505 00:00:00 |a crobeson | ||
| 260 | |a Austin |b University of Texas Press |c 1979 | ||
| 650 | 7 | |a HISTORIA MEXICANA |2 CL-VaPUC |9 333909 | |
| 650 | 7 | |a REFORMA |2 CL-VaPUC |9 319527 | |
| 650 | 7 | |a POLITICA Y GOBIERNO 1855-1876 |2 CL-VaPUC |9 442713 | |
| 650 | 0 | |a Liberalismo |9 255715 | |
| 651 | 0 | |a México |9 255269 | |
| 583 | |a last modification |c 20000505 00:00:00 |k Rodrigo Vera | ||
| 999 | |c 287632 |d 287630 | ||
| 952 | |0 0 |1 0 |4 0 |6 972_060000000000000_SIN_1979 |7 0 |8 A |9 334575 |a BIBHIS |b BIBHIS |d 2019-11-20 |i 127256K |o 972.06 SIN 1979 |p 127256K |r 2025-01-20 |w 2019-11-20 |y BK |k HIS | ||